01128nam a2200241Ia 4500001000600000003000900006008004100015040001300056040001300069041001300082100002300095100002900118245003700147245005900184250001100243260000900254260001300263260004900276300005900325500044900384650002200833650003100855 6496IT-RoPAU130308s9999 xx 000 0 und d aIT-RoPAU cIT-RoPAU aITALIANO aBelleli Marialuisa gCodice Aut. SPICS: 1481 aIonesco e il teatro dell'assurdo bTeatro Contemporaneo-Ii-Teatro Europeo e Nordamericano a1a ed. aROMA bLucarini c1983 [1° Ed.:1983 - Ed.Ling.Originale:1983] a"42 p. (prefazione: no ; testo: 42 [pagine: 157-198])" aSpazio Scenico cerimoniale presenza di Pirandello Pittura Cinematografo Avanguardie Storiche cantatrice Chauve un Aggancio Ad Adamov mezzi di Espressione dell'Assurdo Tardieu e la Disgregazione del Linguaggio Prima Piece di Arrabal Sopraffazione e satira ne la lecon vuoto Ontologico in Les Chaises violenza e Abuso di Potere in Ionesco Ossessione della Morte Evasione e Delusione Assurdo Generatore del Meraviglioso Psicanalisi e Mondo Onirico aSTORIA DEL TEATRO eCodice materia Spics: 8408